Normal view MARC view

Entry Personal Name

Number of records used in: 2

001 - CONTROL NUMBER

  • control field: 83524

003 - CONTROL NUMBER IDENTIFIER

  • control field: dpl

005 - DATE AND TIME OF LATEST TRANSACTION

  • control field: 20250731113628.0

008 - FIXED-LENGTH DATA ELEMENTS

  • fixed length control field: 250731|| aca||aabn | a|a d

040 ## - CATALOGING SOURCE

  • Original cataloging agency: dpl
  • Transcribing agency: dpl

100 ## - HEADING--PERSONAL NAME

  • Personal name: TAKWANI, C K THAKKAR

670 ## - SOURCE DATA FOUND

  • Source citation: Work cat.: (dpl)212744: TAKWANI, C K THAKKAR, CRIMINAL PROCEDURE/

© Delhi Public Library
Hit Counter
free hit counter